Working Women and State Policies in Taiwan (Record no. 1319262)

MARC details
000 -LEADER
fixed length control field 00574nam a2200193Ia 4500
005 - DATE AND TIME OF LATEST TRANSACTION
control field 20250507130350.0
008 - FIXED-LENGTH DATA ELEMENTS--GENERAL INFORMATION
fixed length control field 008 250505s9999 xx 000 0 chi d
020 ## - INTERNATIONAL STANDARD BOOK NUMBER
International Standard Book Number 0-333-80208-8
037 ## - SOURCE OF ACQUISITION
Stock number Annuals, Advances
040 ## - CATALOGING SOURCE
Original cataloging agency EASL
Language of cataloging eng
Transcribing agency EASL
041 ## - LANGUAGE CODE
Language code of text/sound track or separate title chi
Source of code eng
084 ## - COLON CLASSIFICATION NUMBER
Classification number X:9F,5.4295, P0
Assigning agency EASL
100 ## - MAIN ENTRY--PERSONAL NAME
Personal name Chen Feng Ling Au.
9 (RLIN) 665343
245 #0 - TITLE STATEMENT
Title Working Women and State Policies in Taiwan
260 ## - PUBLICATION, DISTRIBUTION, ETC.
Place of publication, distribution, etc. USA
Name of publisher, distributor, etc. New York Palgrave
Date of publication, distribution, etc. 2000
300 ## - PHYSICAL DESCRIPTION
Extent xii,276p.
942 ## - ADDED ENTRY ELEMENTS (KOHA)
Koha item type Textual
Classification part X:9F,5.4295, P0

No items available.

Copyright @ Delhi University Library System